[Event "It (Men) Buenos Aires ARG"]
[Site "?"]
[Date "2006.02.20"]
[Round "4"]
[White "Roselli Mailhe Bernardo"]
[Black "Mazziotti Irigoyen Gabriel"]
[Result "1-0"]
[WhiteElo "2401"]
[BlackElo "2311"]
[PlyCount "65"]
[EventDate "2006.??.??"]
[Source "www.chesslib.no"]
[SourceDate "2004.05.04"]

1. d4 d5 2. c4 dxc4 3. Nf3 Nf6 4. e3 a6 5. Bxc4 b5 6. Be2 Bb7 7. a4 b4 8. Nbd2 e6 9. Nb3 c5 10. O-O Nbd7 11. Bd2 cxd4 12. Nfxd4 e5 13. Bf3 e4 14. Be2 Ne5 15. a5 Qd7 16. Rc1 Rc8 17. Rxc8+ Qxc8 18. Qc1 Qxc1 19. Rxc1 Kd7 20. f3 Bd6 21. Nc5+ Bxc5 22. Rxc5 Ng6 23. Bxb4 Nd5 24. Bxa6 Bxa6 25. Rxd5+ Kc7 26. Bd6+ Kb7 27. b4 Bd3 28. Rc5 Rd8 29. Rc7+ Ka6 30. Rc6+ Kb7 31. b5 Bxb5 32. Rb6+ Ka8 33. Nxb5 1-0

[Event "It (open)"]
[Site "Kowalewo Pomorskie (Poland) "]
[Date "2007.07.08"]
[Round "6"]
[White "Budrewicz Krzysztof (POL)"]
[Black "Grabarczyk Miroslaw (POL)"]
[Result "1/2-1/2"]
[WhiteElo "2224"]
[BlackElo "2482"]
[PlyCount "89"]
[EventDate "2007.??.??"]
[Source "www.chesslib.no"]
[SourceDate "2004.05.04"]

1. d4 d5 2. c4 dxc4 3. Nf3 Nf6 4. e3 a6 5. Bxc4 b5 6. Be2 Bb7 7. O-O Nbd7 8. a4 b4 9. b3 e6 10. Bb2 Be7 11. Nbd2 c5 12. Nc4 O-O 13. Nfe5 cxd4 14. Bxd4 Nxe5 15. Nxe5 Nd5 16. Bd3 Bf6 17. Qg4 Nc3 18. Rac1 Rc8 19. f4 a5 20. Rc2 Bd5 21. Rb2 Qe7 22. Qh3 g6 23. g4 Bg7 24. g5 f5 25. gxf6 Bxf6 26. Qg4 Bg7 27. h4 Ne4 28. h5 g5 29. Nf3 Bxd4 30. Nxd4 Nf6 31. Qg3 g4 32. f5 exf5 33. Nxf5 Qc7 34. Qxc7 Rxc7 35. Rbf2 g3 36. Nxg3 Rg7 37. Rxf6 Rxg3+ 38. Kh2 Rxf6 39. Rxf6 Rxe3 40. Bf5 Bxb3 41. h6 Ba2 42. Rb6 Re5 43. Rb8+ Kf7 44. Bxh7 Kf6 45. Kg3 1/2-1/2

[Event "Budapest FS04 IM-A"]
[Site "Budapest"]
[Date "2001.04.10"]
[Round "4"]
[White "Zimmerman, Yuri"]
[Black "Spielmann, Alain"]
[Result "1-0"]
[WhiteElo "2362"]
[BlackElo "2341"]
[PlyCount "42"]
[EventDate "2001.04.07"]
[Source "ChessBase"]
[SourceDate "2001.05.06"]

1. d4 d5 2. c4 dxc4 3. Nf3 Nf6 4. e3 c5 5. Bxc4 cxd4 6. exd4 e6 7. O-O Be7 8. Qe2 O-O 9. Nc3 Nc6 10. Rd1 Nd5 11. Bb3 Re8 12. a3 b6 13. Nxd5 exd5 14. Qb5 Bb7 15. Bxd5 Rc8 16. Qb3 Rf8 17. Ne5 Rb8 18. Bxf7+ Rxf7 19. Nxf7 Nxd4 20. Qd3 Qf8 21. Qxd4 Rd8 1-0